Library Banner

Kuffar (novel) = کُفر (ناول) / (Record no. 130870)

MARC details
000 -LEADER
fixed length control field 00611nam a22001817a 4500
005 - DATE AND TIME OF LATEST TRANSACTION
control field 20230531093914.0
008 - FIXED-LENGTH DATA ELEMENTS--GENERAL INFORMATION
fixed length control field 230531b ||||| |||| 00| 0 eng d
020 ## - INTERNATIONAL STANDARD BOOK NUMBER
International Standard Book Number 9690016792
040 ## - CATALOGING SOURCE
Transcribing agency PK-LaUMT
082 ## - DEWEY DECIMAL CLASSIFICATION NUMBER
Classification number 891.4393
Item number TAH-K
100 ## - MAIN ENTRY--PERSONAL NAME
Personal name Tahmeena Durrani = تہمینہ درانی
245 ## - TITLE STATEMENT
Title Kuffar (novel) = کُفر (ناول) /
Statement of responsibility, etc by Tahmeena Durrani = تہمینہ درانی ; translated by Major Aftab Ahmad = مترجم : میجر آفتاب احمد
260 ## - PUBLICATION, DISTRIBUTION, ETC. (IMPRINT)
Place of publication, distribution, etc Lahore :
Name of publisher, distributor, etc Ferozsons,
Date of publication, distribution, etc 2000
300 ## - PHYSICAL DESCRIPTION
Extent 278 p.
650 ## - SUBJECT ADDED ENTRY--TOPICAL TERM
Topical term or geographic name as entry element Urdu literature
650 ## - SUBJECT ADDED ENTRY--TOPICAL TERM
Topical term or geographic name as entry element Urdu fiction
942 ## - ADDED ENTRY ELEMENTS (KOHA)
Koha item type Books
Holdings
Withdrawn status Lost status Damaged status Home library Current library Date acquired Full call number Barcode Date last seen Price effective from Koha item type
      UMT Main Campus UMT Main Campus 2023-05-31 891.4393 TAH-K 144996 2023-05-31 2023-05-31 Books